000 00593nam a2200205 i 4500
001 78866
003 ES-MaACL
005 20230906173835.0
007 t|
008 041018s1958 sp af ||||1| spa d
100 1 _aHayten, Peter J.
_962217
245 1 3 _aEl color de las artes /
_cPeter J. Hayten [seud.].
260 _aBarcelona :
_bL.E.D.A.,
_c[1958] (
_fDelriu)
300 _a96 p., 4 lám. col. :
_bil. ;
_c24 cm.
490 1 _aColor en todo ;
_v2
650 4 _aColor (Arte)
_9151450
830 0 _aColor en todo ;
_v2
_9183613
852 _aES-MaACL
_jC-14164
999 _c78866
_d78866